000 00644nam a2200205Ia 4500
003 GCL
008 140319s9999 xx 000 0 ara d
040 _aGCL /
_cGCL
082 0 4 _a415.1
_bع ا
100 1 _aعبدالحميد السيورى
245 1 0 _aاسس النحو العربى قواعد وتدريبات /
_cعبدالحميد السيورى
700 1 _aمحمد خضير
700 1 _aمحمود فهمى حجازى
260 _a[S.N] :
_bدار الثقافة للنشر والتوزيع ،
_c1992
300 _a216 ص
490 _a
650 0 4 _aالنحو
650 0 4 _aاللغة العربية
942 _2ddc
_cBK
999 _c29629
_d29629